000 00678nam a2200217 a 4500
005 20140310183313.0
008 051007s19uu xx 00 eng d
020 _a9718170189
050 _aPN 1992.75
_b.So714 2003
100 _aSoriano, Robert F.
245 _aAspects of film production :
_beasy college understanding /
_cRobert F. Soriano.
260 _aManila, Philippines :
_bBooklore Publishing Corp,
_c2003.
300 _a137 p. :
_bill. ;
_c22 cm.
521 _aMC
650 _aMotion picture
_xProduction and direction.
650 _aCinematography
_xProduction and direction.
942 _cBK
_2lcc
_kLOC
999 _c21219
_d21219